| 000 | 02358cas a2200649 i 4500 | ||
|---|---|---|---|
| 001 | 200441753 | ||
| 003 | TR-AnTOB | ||
| 005 | 20260106132407.0 | ||
| 007 | ta | ||
| 008 | 890815u1986uuuutu ar s f0 0eng | ||
| 010 | _a 89648750 | ||
| 015 |
_a015565009 _2dnb |
||
| 016 | 7 |
_a015565009 _2DE-101 |
|
| 016 | 7 |
_a1023822-0 _2DE-600 |
|
| 020 | _a9751916410 (1995) | ||
| 020 | _a9751918758 (1996) | ||
| 020 | _a9751923573 (1998) | ||
| 020 | _a9751929938 (2000) | ||
| 020 | _a9751932858 (2001) | ||
| 022 |
_a1013-6177 _l1013-6177 |
||
| 035 | _a(OCoLC)ocm20182240 | ||
| 040 |
_aDLC _beng _erda _cDLC _dHUL _dAGL _dSYS _dOCLCQ _dNYDWH _dOCLCQ _dGBVCP _dOCLCO _dOCLCF _dOCLCQ _dWAU _dOCLCA _dTR-AnTOB |
||
| 041 | 0 |
_aeng _atur |
|
| 042 | _apcc | ||
| 043 | _aa-tu--- | ||
| 050 | 0 | 4 |
_aHD9466.T92 _bS8 |
| 072 | 0 | _aM220 | |
| 090 |
_aHD9466.T92 _bS8 |
||
| 210 | 0 | _aSu ürün. istat. | |
| 222 | 0 | _aSu ürünleri istatistikleri | |
| 245 | 0 | 0 |
_aSu ürünleri istatistikleri = _bFishery statistics. |
| 246 | 1 |
_iVols. for <1990-1996> have English title: _aFisheries statistics |
|
| 246 | 3 | 1 | _aFishery statistics |
| 264 | 1 |
_aAnkara : _bBaşbakanlık, Devlet İstatistik Enstitüsü, _c1988- |
|
| 300 |
_avolumes ; _c29 cm |
||
| 310 | _aAnnual | ||
| 336 |
_atext _btxt _2rdacontent |
||
| 337 |
_aunmediated _bn _2rdamedia |
||
| 338 |
_avolume _bnc _2rdacarrier |
||
| 362 | 0 | _a1986- | |
| 490 | 0 |
_aDevlet İstatistik Enstitüsü ; _v1995 |
|
| 530 | _aAlso issued online. | ||
| 546 | _aEnglish and Turkish. | ||
| 588 | _aLatest issue consulted: 1996. | ||
| 590 | _aSERBIB/SERLOC merged record | ||
| 650 | 7 |
_aBalık ticareti _zTürkiye _vİstatistikler _vSüreli yayınlar _2etuturkob _9132124 |
|
| 650 | 7 |
_aBalık Ürünleri _zTürkiye _vİstatistikler _vSüreli yayınlar _2etuturkob _990806 |
|
| 650 | 7 |
_aBalıkçılık _zTürkiye _vİstatistikler _vSüreli yayınlar _2etuturkob _944402 |
|
| 655 | 7 |
_aStatistics _2lcgft _0(OCoLC)fst01423727 _9117237 |
|
| 655 | 7 |
_aPeriodicals _2lcgft _9119590 |
|
| 710 | 2 |
_aDevlet İstatistik Enstitüsü (Turkey) _986134 |
|
| 776 | 0 | 8 |
_iOnline version: _tSu ürünleri istatistikleri _w(OCoLC)604002325 |
| 780 | 0 | 0 |
_aDevlet İstatistik Enstitüsü (Turkey). _tSu ürünleri anket sonuçları _w(DLC) 75644454 _w(OCoLC)2241846 |
| 942 |
_2lcc _cCR |
||
| 999 |
_c200441753 _d59965 |
||